<?xml version="1.0" encoding="UTF-8"?>
<record
    xmlns:xsi="http://www.w3.org/2001/XMLSchema-instance"
    xsi:schemaLocation="http://www.loc.gov/MARC21/slim http://www.loc.gov/standards/marcxml/schema/MARC21slim.xsd"
    xmlns="http://www.loc.gov/MARC21/slim">

  <leader>01076nam a22002417a 4500</leader>
  <datafield tag="999" ind1=" " ind2=" ">
    <subfield code="c">93322</subfield>
    <subfield code="d">93322</subfield>
  </datafield>
  <controlfield tag="003">NALT</controlfield>
  <controlfield tag="005">20250725110010.0</controlfield>
  <controlfield tag="008">170815b        th ||||| |||| 00| 0 tha d</controlfield>
  <datafield tag="020" ind1=" " ind2=" ">
    <subfield code="a">9786163449436</subfield>
  </datafield>
  <datafield tag="040" ind1=" " ind2=" ">
    <subfield code="a">NALT</subfield>
  </datafield>
  <datafield tag="050" ind1=" " ind2=" ">
    <subfield code="a">RA 784</subfield>
    <subfield code="b">&#xE20;432&#xE1A; 2560</subfield>
  </datafield>
  <datafield tag="100" ind1="0" ind2=" ">
    <subfield code="a">&#xE20;&#xE32;&#xE13;&#xE38;&#xE1E;&#xE07;&#xE28;&#xE4C; &#xE04;&#xE33;&#xE27;&#xE0A;&#xE34;&#xE23;&#xE1E;&#xE34;&#xE17;&#xE31;&#xE01;&#xE29;&#xE4C;</subfield>
    <subfield code="9">12349</subfield>
  </datafield>
  <datafield tag="245" ind1="1" ind2="0">
    <subfield code="a">Blood Type Diet. &#xE01;&#xE34;&#xE19; - &#xE2D;&#xE22;&#xE39;&#xE48;&#xE43;&#xE2B;&#xE49;&#xE16;&#xE39;&#xE01;&#xE01;&#xE31;&#xE1A;&#xE01;&#xE23;&#xE38;&#xE1B;&#xE40;&#xE25;&#xE37;&#xE2D;&#xE14; [&#xE01;&#xE23;&#xE38;&#xE4A;&#xE1B;&#xE40;&#xE25;&#xE37;&#xE2D;&#xE14;] /</subfield>
    <subfield code="c">&#xE20;&#xE32;&#xE13;&#xE38;&#xE1E;&#xE07;&#xE28;&#xE4C; &#xE04;&#xE33;&#xE27;&#xE0A;&#xE34;&#xE23;&#xE1E;&#xE34;&#xE17;&#xE31;&#xE01;&#xE29;&#xE4C;.</subfield>
  </datafield>
  <datafield tag="250" ind1=" " ind2=" ">
    <subfield code="a">&#xE1E;&#xE34;&#xE21;&#xE1E;&#xE4C;&#xE04;&#xE23;&#xE31;&#xE49;&#xE07;&#xE17;&#xE35;&#xE48; 2.</subfield>
  </datafield>
  <datafield tag="260" ind1=" " ind2=" ">
    <subfield code="a">&#xE01;&#xE23;&#xE38;&#xE07;&#xE40;&#xE17;&#xE1E;&#xE2F; :</subfield>
    <subfield code="b">Feel good,</subfield>
    <subfield code="c">2560.</subfield>
  </datafield>
  <datafield tag="300" ind1=" " ind2=" ">
    <subfield code="a">207 &#xE2B;&#xE19;&#xE49;&#xE32; :</subfield>
    <subfield code="b">&#xE20;&#xE32;&#xE1E;&#xE1B;&#xE23;&#xE30;&#xE01;&#xE2D;&#xE1A;, &#xE15;&#xE32;&#xE23;&#xE32;&#xE07;;</subfield>
    <subfield code="c">20 &#xE0B;&#xE21;.</subfield>
  </datafield>
  <datafield tag="650" ind1=" " ind2="4">
    <subfield code="9">445</subfield>
    <subfield code="a">&#xE42;&#xE20;&#xE0A;&#xE19;&#xE32;&#xE01;&#xE32;&#xE23;</subfield>
  </datafield>
  <datafield tag="650" ind1=" " ind2="0">
    <subfield code="a">&#xE01;&#xE32;&#xE23;&#xE01;&#xE33;&#xE2B;&#xE19;&#xE14;&#xE2D;&#xE32;&#xE2B;&#xE32;&#xE23;</subfield>
    <subfield code="9">12350</subfield>
  </datafield>
  <datafield tag="650" ind1=" " ind2="0">
    <subfield code="a">&#xE2D;&#xE32;&#xE2B;&#xE32;&#xE23;&#xE40;&#xE1E;&#xE37;&#xE48;&#xE2D;&#xE2A;&#xE38;&#xE02;&#xE20;&#xE32;&#xE1E;</subfield>
    <subfield code="9">12351</subfield>
  </datafield>
  <datafield tag="850" ind1=" " ind2=" ">
    <subfield code="a">NALT</subfield>
  </datafield>
  <datafield tag="942" ind1=" " ind2=" ">
    <subfield code="2">lcc</subfield>
    <subfield code="c">GB</subfield>
  </datafield>
  <datafield tag="998" ind1=" " ind2=" ">
    <subfield code="a">DAO</subfield>
    <subfield code="c">DAO</subfield>
    <subfield code="j">8</subfield>
    <subfield code="k"> &#xE19;&#xE32;&#xE22;&#xE1A;&#xE31;&#xE13;&#xE11;&#xE34;&#xE15;  &#xE2D;&#xE38;&#xE17;&#xE32;&#xE27;&#xE07;&#xE04;&#xE4C;</subfield>
  </datafield>
  <datafield tag="952" ind1=" " ind2=" ">
    <subfield code="0">0</subfield>
    <subfield code="1">0</subfield>
    <subfield code="2">lcc</subfield>
    <subfield code="4">0</subfield>
    <subfield code="7">0</subfield>
    <subfield code="8">CGBL</subfield>
    <subfield code="a">NALT</subfield>
    <subfield code="b">NALT</subfield>
    <subfield code="d">2017-08-15</subfield>
    <subfield code="l">1</subfield>
    <subfield code="m">1</subfield>
    <subfield code="o">RA 784 &#xE20;432&#xE1A; 2560</subfield>
    <subfield code="p">3961206834</subfield>
    <subfield code="r">2025-08-07 00:00:00</subfield>
    <subfield code="s">2025-07-25</subfield>
    <subfield code="w">2017-08-15</subfield>
    <subfield code="y">GB</subfield>
  </datafield>
</record>
